000 00500nam a2200169 i 4500
001 57835
003 ES-MaACL
005 20230906163647.0
007 t|
008 031020s1904 fr ||||1| fre d
100 1 _aDreyfus, Robert.
_945628
245 1 3 _aLa vie et les propheties du comte de Gobineau /
_cRobert Dreyfus.
260 _aParis :
_b[s.n.,
_c1904] (
_fErnest Payeu)
300 _a357 p., 1 lám. ;
_c19 cm.
600 1 4 _aGobineau, Arthur
_ccomte de.
_9147893
852 _aES-MaACL
_jG-1963
999 _c57835
_d57835